000 004840000a22001810004500
003 MACL
005 20151212113407.0
008 151212b xxu||||| |||| 00| 0 eng d
040 _aMACL
_cMACL
041 _aHindi
082 _a741.642
100 _aजनक वैद
_920010
245 _aनया आशियाना
260 _bकिरण प्रकाशन
_c2012
350 _a125
650 _aचिल्‍डन बुक
_9314
942 _cHIN
_k741.642
_2ddc
999 _c47678
_d47678